000 00473nmm a2200157Ia 4500
008 251105s9999||||xx |||||||||||||||||und||
020 _a9788431551094
041 _aspa
100 _aDalmau Riera, Josep
245 0 _aCocina rica y sabrosa para diabéticos
264 _a[Madrid, España] :
_bDe Vecchi,
_c[Fecha de publicación no identificada]
300 _a0 páginas
650 _aCooking
856 _uhttps://public.digitaliapublishing.com/a/122100
942 _cCF
999 _c81633
_d81633